<?xml version="1.0" encoding="UTF-8"?><?xml-stylesheet type="text/xsl" href="static/style.xsl"?><OAI-PMH xmlns="http://www.openarchives.org/OAI/2.0/" xmlns:xsi="http://www.w3.org/2001/XMLSchema-instance" xsi:schemaLocation="http://www.openarchives.org/OAI/2.0/ http://www.openarchives.org/OAI/2.0/OAI-PMH.xsd"><responseDate>2026-04-13T02:52:56Z</responseDate><request verb="GetRecord" identifier="oai:www.recercat.cat:2072/403221" metadataPrefix="marc">https://recercat.cat/oai/request</request><GetRecord><record><header><identifier>oai:recercat.cat:2072/403221</identifier><datestamp>2026-03-22T23:41:29Z</datestamp><setSpec>com_2072_98</setSpec><setSpec>col_2072_378192</setSpec></header><metadata><record xmlns="http://www.loc.gov/MARC21/slim" xmlns:dcterms="http://purl.org/dc/terms/" xmlns:xsi="http://www.w3.org/2001/XMLSchema-instance" xmlns:doc="http://www.lyncode.com/xoai" xsi:schemaLocation="http://www.loc.gov/MARC21/slim http://www.loc.gov/standards/marcxml/schema/MARC21slim.xsd">
   <leader>00925njm 22002777a 4500</leader>
   <datafield ind2=" " ind1=" " tag="042">
      <subfield code="a">dc</subfield>
   </datafield>
   <datafield ind2=" " ind1=" " tag="720">
      <subfield code="a">Pérez Córdoba, Eugenio A.</subfield>
      <subfield code="e">author</subfield>
   </datafield>
   <datafield ind2=" " ind1=" " tag="720">
      <subfield code="a">Sobrino Sánchez, Raquel</subfield>
      <subfield code="e">author</subfield>
   </datafield>
   <datafield ind2=" " ind1=" " tag="720">
      <subfield code="a">Estrada Contreras, Omar</subfield>
      <subfield code="e">author</subfield>
   </datafield>
   <datafield ind2=" " ind1=" " tag="720">
      <subfield code="a">Chillón Martínez, Raquel</subfield>
      <subfield code="e">author</subfield>
   </datafield>
   <datafield ind2=" " ind1=" " tag="260">
      <subfield code="c">2014</subfield>
   </datafield>
   <datafield ind2=" " ind1=" " tag="520">
      <subfield code="a">El equilibrio es un aspecto fundamental para las actividades de la vida diaria y para el deporte. El deterioro en esta capacidad puede ocasionar trastornos o lesiones por caídas. El objetivo de esta intervención es determinar la influencia de un programa de ejercicios propioceptivos con feedback externo auditivo sobre la mejora del equilibrio. Participaron ocho mujeres (M = 38 años, DE = 11.45) que realizaban ejercicio constante, dividas en dos grupos. Grupo 1 programa y feedback auditivo, grupo 2 solo programa. Se creó un equipo de feedback auditivo que fue utilizado para el grupo 1. En los resultados el Grupo 1 tuvo la mejoría significativa en equilibrio medido con los siguientes test: Functional Reach (p = .036), Get Up and Go (p = .021) y Test Dinámico en Barra (p = .044). De acuerdo a los resultados obtenidos, los dos grupos presentan una mejoría en el equilibrio por el programa propioceptivo, pero es el grupo 1 con feedback auditivo, el que tuvo la mayor mejoría. El programa propioceptivo unido a feedback auditivo puede mejorar significativamente el equilibrio.</subfield>
   </datafield>
   <datafield ind2=" " ind1=" " tag="520">
      <subfield code="a">Balance is an essential aspect of daily living and sport appearance. The deterioration of this capacity may cause disorder or injury from falls. The objective of this intervention is to determine the influence of proprioceptive exercise program with external auditory feedback on balance improvement. It involved eight women (M = 38 years, SD = 11.45) who performed constant exercise, divided into two groups. Group 1 program and auditory feedback, group 2 single program. A team of auditory feedback that was used for group 1 was created. Results in Group 1 had a significant improvement in measured equilibrium with the following tests: Functional Reach (p = .036), Get Up and Go (p = .021) and Dynamic Bar test (p = .044). According to the results, the two groups displayed an improvement in the balance by the proprioceptive program, but it was group 1, with auditory feedback, which shown the greatest improvement. The proprioceptive program along with auditory feedback can improve balance significantly.</subfield>
   </datafield>
   <datafield ind2=" " ind1=" " tag="520">
      <subfield code="a">O equilíbrio é um aspecto fundamental para as actividades da vida diária e para o desporto. A deterioração desta capacidade pode originar perturbações ou lesões devido a quedas. O objectivo desta intervenção é determinar a influência de um programa de exercícios propioceptivos com feedback auditivo externo sobre a melhoria do equilíbrio. Participaram no estudo oito mulheres (M = 38 anos, DP = 11.45) que realizavam exercício constante, divididas em dois grupos. Grupo 1 programa e feedback auditivo, Grupo 2 apenas programa. Foi criada uma equipa de feedback auditivo que foi utilizada para o Grupo 1. Os resultados indicam que o Grupo 1 apresentou uma melhoria significativa do equilíbrio medid através dos seguintes testes: Functional Reach (p = .036), Get Up and Go (p = .021) e Teste Dinâmico em Barra (p = .044). De acordo com os resultados obtidos, ambos os grupos apresentam uma melhoria no equilíbrio através do programa propioceptivo, contudo, o Grupo 1 com feedback auditivo, foi o que teve uma melhoria superior. O programa propioceptivo, juntamente com o feedback auditivo, pode melhorar significativamente o equilíbrio.</subfield>
   </datafield>
   <datafield tag="653" ind2=" " ind1=" ">
      <subfield code="a">Intervenció</subfield>
   </datafield>
   <datafield tag="653" ind2=" " ind1=" ">
      <subfield code="a">Equilibri</subfield>
   </datafield>
   <datafield tag="653" ind2=" " ind1=" ">
      <subfield code="a">Feedback auditiu</subfield>
   </datafield>
   <datafield tag="653" ind2=" " ind1=" ">
      <subfield code="a">Intervención</subfield>
   </datafield>
   <datafield tag="653" ind2=" " ind1=" ">
      <subfield code="a">Equilibrio</subfield>
   </datafield>
   <datafield tag="653" ind2=" " ind1=" ">
      <subfield code="a">Propiocepción</subfield>
   </datafield>
   <datafield tag="653" ind2=" " ind1=" ">
      <subfield code="a">Feedback auditivo</subfield>
   </datafield>
   <datafield tag="653" ind2=" " ind1=" ">
      <subfield code="a">Speech</subfield>
   </datafield>
   <datafield tag="653" ind2=" " ind1=" ">
      <subfield code="a">Balance</subfield>
   </datafield>
   <datafield tag="653" ind2=" " ind1=" ">
      <subfield code="a">Proprioception</subfield>
   </datafield>
   <datafield tag="653" ind2=" " ind1=" ">
      <subfield code="a">Auditory feedback</subfield>
   </datafield>
   <datafield tag="653" ind2=" " ind1=" ">
      <subfield code="a">Intervenção</subfield>
   </datafield>
   <datafield tag="653" ind2=" " ind1=" ">
      <subfield code="a">Equilíbrio</subfield>
   </datafield>
   <datafield tag="653" ind2=" " ind1=" ">
      <subfield code="a">Propiocepção</subfield>
   </datafield>
   <datafield ind2="0" ind1="0" tag="245">
      <subfield code="a">Intervención mediante feedback auditivo para la mejora del equilibrio en mujeres que realizan actividad física</subfield>
   </datafield>
</record></metadata></record></GetRecord></OAI-PMH>